000 00495nam a2200169 i 4500
001 21498
003 ES-MaACL
005 20250819063028.0
007 t|
008 021126s1978 sp ||||1| spa d
100 1 _aAlborg, Juan Luis,
_d1914-2010
_919409
245 1 0 _aHistoria de la literatura espaƱola
_b: siglo XVIII /
_cJuan Luis Alborg.
260 _aMadrid :
_bGredos,
_c[1978]
300 _a979 p. ;
_c25 cm.
852 _aES-MaACL
_jA-9766
_bR.98889
999 _c21498
_d21498